000 00674nam a22001937a 4500
005 20100819134729.0
010 _aENG-100994
020 _a8185867816
_c40.00
035 _aEN-84527
037 _bDBAD/PUB
082 _a553.20954
100 _aPareek, H S
_915174
245 _aCoal in India /
_cby H S Pareek
260 _aBangalore
_bGeological Society of India
_c2008
270 _aP. B. NO 1922 Gavipuram P O
_bBangalore
_e560019
300 _aiii,65p
_c21cm(pbk)
942 _2ddc
_cEN
_h553.20954
_mPAR
999 _c42545
_d42545